Matemática : 7º 1º /
Guardado en:
| Autor Principal: | |
|---|---|
| Otros Autores: | , , , , , |
| Formato: | Libro |
| Publicado: |
Buenos Aires :
Edelvives,
2022.
|
| Series: | Fuera de Serie
|
| Materias: | |
| Etiquetas: |
Agregar Etiqueta
Sin Etiquetas, Sea el primero en etiquetar este registro!
|
| LEADER | 01629nam a22003135a 4500 | ||
|---|---|---|---|
| 001 | CEM.cems020487 | ||
| 008 | 230925s2022##################000#0#####d | ||
| 005 | 20230925125103.0 | ||
| 245 | 1 | 0 | |a Matemática : |b 7º 1º / |c Ángela D´Espósito y otros ; ilustrado por Diego Greco. |
| 260 | |a Buenos Aires : |b Edelvives, |c 2022. | ||
| 300 | |a 208 p. | ||
| 490 | 0 | |a Fuera de Serie | |
| 505 | 0 | |a Números naturales -- Divisibilidad -- Números racionales no negativos I -- Números racionales no negativos II -- Números racionales no negativos III -- Números racionales no negativos IV -- Introducción al álgebra y el estudio de las funciones -- Noción de función -- Proporcionalidad -- Geometría y medida -- Figuras planas I -- Figuras planas II -- Perímetro y área de figuras planas I -- Perímetro y área de figuras planas II -- Cuerpos geométricos I -- Cuerpos geométricos II | |
| 020 | |a 9789876429559 | ||
| 100 | 1 | |a D´Espósito, Ángela. | |
| 700 | 1 | |a Di Milla, Néstor. | |
| 700 | 1 | |a Mastroianni, Ana María. | |
| 700 | 1 | |a Negrin Muniz, Guido Hugo. | |
| 700 | 1 | |a Ottolini, Renata. | |
| 700 | 1 | |a Rodríguez Gasol, Laura. | |
| 700 | 1 | |a Greco, Diego; il. | |
| 082 | 0 | 4 | |a 510 |
| 653 | |a Matemática | ||
| 653 | |a Matemática-7º egb | ||
| 859 | |a CEMS |b BIB. CEMS - Agricultura |h 510 |i D849 |p A3641.23 |t Ej.1 |v 1 |3 1 | ||
| 859 | |a CEMS |b BIB. CEMS - Agricultura |h 510 |i D849 |p A3642.23 |t Ej.2 |v 1 |3 1 | ||
| 859 | |a CEMS |b BIB. CEMS - Agricultura |h 510 |i D849 |p A3643.23 |t Ej.3 |v 3 |3 1 | ||
| 859 | |a CEMS |b BIB. CEMS - Agricultura |h 510 |i D849 |p A3644.23 |t Ej.4 |v 1 |3 1 | ||
| 859 | |a CEMS |b BIB. CEMS - Agricultura |h 510 |i D849 |p A3645.23 |t Ej.5 |v 1 |3 1 | ||
